000 00212nam a22000857a 4500
008 160624b xxu||||| |||| 00| 0 eng d
100 _91095
_aPirovolos, N
245 _aToo Mean to Die
260 _aIll
_b Living Books
_c1982
999 _c881
_d881